| 000 | 01316nam a22001697a 4500 | ||
|---|---|---|---|
| 005 | 20260211085759.0 | ||
| 008 | 240625b mx |||||||| |||| 00| 0 spa d | ||
| 020 | _a9786075415857 | ||
| 050 | 0 | 4 |
_bKGF5682 _aA28 2025 |
| 240 | 0 | 0 | _aLeyes y códigos |
| 245 | 0 | 0 | _aAgenda de seguridad pública, Código nacional de procedimientos penales, Ley de la comisión nacional de los derechos humanos, Ley federal de armas de fuego y explosivos, Ley general de víctimas, Ley general del sistema nacional de seguridad pública, Ley de la guardia nacional, ley nacional de ejecución penal, Ley nacional de mecanismos alternativos de solución de controversias en materia penal, Ley nacional del registro de detenciones, Ley nacional del sistema integral de justicia penal para adolescentes, Ley nacional sobre el uso de la fuerza, Ley federal de seguridad privada, Protocolo nacional de actuación, traslado, protocolo nacional de policía con capacidades para procesar, Guía nacional de cadena de custodia, Protocolo nacional de primer respondiente, Protocolo nacional de seguridad en salas |
| 250 | _a1a ed. | ||
| 260 |
_aMéxico : _bEdiciones Fiscales Instituto Superior de Estudios Fiscales, _c2025 |
||
| 300 |
_ap.v. ; _c19 cm. |
||
| 651 | 7 |
_2lemb _aMéxico _xSeguridad pública _xLeyes y legislación |
|
| 942 |
_2lcc _cLIB |
||
| 999 |
_c130571 _d130571 |
||